Cuentos de la Alhambra / (Registro nro. 11062)

Detalles MARC
000 -LIDER
fixed length control field 00899nam a22002777a 4500
001 - NÚMERO DE CONTROL
Identificador de número de control 000430
003 - IDENTIFICACDOR DE NÚMERO DE CONTROL
control field DO-SdBNP
005 - DATE AND TIME OF LATEST TRANSACTION
control field 20171113122652.0
007 - CAMPOS FIJOS DE DESCRIPCIÓN FÍSICA
fixed length control field 000430
008 - ELEMENTOS DE LONGITUD FIJA
fixed length control field 160801b 1991 sp a ||||| |||| 00| 0 spa d
020 ## - ISBN
International Standard Book Number 8471690179
040 ## - FUENTE DE CATALOGACIÓN
Agencia que crea de manera original el registro BPMSU
Idioma de catalogación spa
Agencia que realiza la transcripción BPMSU
082 #4 - NÚMERO DE CLASIFICACIÓN DECIMAL DE DEWEY
Classification number 813
Item number I72c
100 1# - ASIENTO PRINCIPAL -- NOMBRE PERSONAL
Nombre personal Irving, Washington,
Fechas asociadas con el nombre 1783-1859.
245 10 - MENCIÓN DE TITULO
Título Cuentos de la Alhambra /
Mención de responsabilidad Washington Irving ; traducción prólogo y notas ; Ricardo Villa-Real.
260 ## - PUBLICACIÓN, DISTRIBUCIÓN, ETC. (PIE DE IMPRENTA)
Lugar de publicación, distribución, etc Granada :
Nombre del editor, distribuidor, etc. Miguel Sánchez,
Fecha de publicación, distribución, etc 1991.
300 ## - DESCRIPCIÓN FÍSICA
Extensión 351 p. :
Otros detalles físicos il. ;
Dimensiones 19 cm.
500 ## - NOTA GENERAL
Nota general Incluye datos biográficos del autor en las solapas
650 #4 - ENCABEZAMIENTO DE MATERIA--TEMÁTICO
Término temático o nombre geográfico como elemento de entrada NOVELA ESTADOUNIDENSE
650 #4 - ENCABEZAMIENTO DE MATERIA--TEMÁTICO
Término temático o nombre geográfico como elemento de entrada ALHAMBRA
Subdivisión temática general NOVELA
700 12 - ASIENTO SECUNDARIO -- NOMBRE PERSONAL
Nombre personal Villa-Real, Ricardo,
Mención de responsabilidad pról.
910 ## - VALIDACIÓN
Validación Validado. Control de calidad MFF
942 ## - ADDED ENTRY ELEMENTS (KOHA)
Source of classification or shelving scheme Dewey Decimal Classification
Koha item type Libros
945 ## - INFORMACIÓN DE PROCESAMIENTO LOCAL
Información de procesamiento local Inventariado, 2017/MFF
956 ## - LOCAL ELECTRONIC LOCATION AND ACCESS (OCLC)
Método de acceso LOPEREZ
Materiales especificados 10
Enlace 20160108
Campo enlazado y núm. de secuencia BPMSU
Nombre de host 00041
Existencias
Withdrawn status Lost status Source of classification or shelving scheme Damaged status Not for loan Collection code Home library Current library Date acquired Source of acquisition Total Checkouts Full call number Barcode Date last seen Price effective from Koha item type
    Dewey Decimal Classification     Colección General Biblioteca Pública Metropolitana Salomé Ureña Biblioteca Pública Metropolitana Salomé Ureña 08/01/2016 FUNDI   813 I71c BPMSU16080004 08/01/2016 08/01/2016 Libros